<?xml version="1.0" encoding="UTF-8"?>
<record
    xmlns:xsi="http://www.w3.org/2001/XMLSchema-instance"
    xsi:schemaLocation="http://www.loc.gov/MARC21/slim http://www.loc.gov/standards/marcxml/schema/MARC21slim.xsd"
    xmlns="http://www.loc.gov/MARC21/slim">

  <leader>02988nam a2200385 a 4500</leader>
  <controlfield tag="003">Mxchpua</controlfield>
  <controlfield tag="005">20240528105350.0</controlfield>
  <controlfield tag="007">ta</controlfield>
  <controlfield tag="008">240528s2023    mx abdofs|||| 001 0 spa d</controlfield>
  <datafield tag="040" ind1=" " ind2=" ">
    <subfield code="a">mxchpua</subfield>
  </datafield>
  <datafield tag="090" ind1=" " ind2=" ">
    <subfield code="a">T.C.910 </subfield>
    <subfield code="b">S26 IAI </subfield>
    <subfield code="c">2023</subfield>
  </datafield>
  <datafield tag="245" ind1="1" ind2="0">
    <subfield code="a">La interrelaci&#xF3;n agricultura-industria en la regi&#xF3;n norte de Jalisco en los sistemas leche y destilados /</subfield>
    <subfield code="c">coordinadora Ofelia Sandoval Castilla ; colaboradores Jovana Erandy Alonso L&#xF3;pez...[y otros]</subfield>
  </datafield>
  <datafield tag="260" ind1=" " ind2=" ">
    <subfield code="a">M&#xE9;xico :</subfield>
    <subfield code="b">El autor,</subfield>
    <subfield code="c">2023</subfield>
  </datafield>
  <datafield tag="300" ind1=" " ind2=" ">
    <subfield code="a">1 recurso en l&#xED;nea (349 p&#xE1;ginas) :</subfield>
    <subfield code="b">ilustraciones, mapas, gr&#xE1;ficas, diagramas, tablas, fotos</subfield>
  </datafield>
  <datafield tag="336" ind1=" " ind2=" ">
    <subfield code="2">rdacontent</subfield>
    <subfield code="a">texto</subfield>
    <subfield code="b">txt</subfield>
  </datafield>
  <datafield tag="337" ind1=" " ind2=" ">
    <subfield code="2">rdamedia</subfield>
    <subfield code="a">computadora</subfield>
    <subfield code="b">c</subfield>
  </datafield>
  <datafield tag="338" ind1=" " ind2=" ">
    <subfield code="2">rdacarrier</subfield>
    <subfield code="a">recurso en l&#xED;nea</subfield>
    <subfield code="b">cr</subfield>
  </datafield>
  <datafield tag="500" ind1=" " ind2=" ">
    <subfield code="a">Grado 5&#xB0; Grupo 3 --
Directorio: p&#xE1;ginas 345-349</subfield>
  </datafield>
  <datafield tag="502" ind1=" " ind2=" ">
    <subfield code="a">Viaje de Estudios </subfield>
    <subfield code="b">(IAI) --</subfield>
    <subfield code="c">UACh. Departamento de Ingenier&#xED;a Agroindustrial,</subfield>
    <subfield code="d">2023</subfield>
  </datafield>
  <datafield tag="504" ind1=" " ind2=" ">
    <subfield code="a">Bibliograf&#xED;a: p&#xE1;ginas 313-319</subfield>
  </datafield>
  <datafield tag="505" ind1="0" ind2=" ">
    <subfield code="a">Visitas: --</subfield>
    <subfield code="t">1. Centro de Valor Agregado (DANONE) Proyecto Margarita --
2. Productores del Conejo --
3. FIRA Lagos de Moreno --
4. Productor quesos --
5. Empresa El Cuatro --
6. Rancho Lechero Familiar --
7. Leche Natulec --
8. Uni&#xF3;n de Cooperativas de Consumo Alte&#xF1;as (UCCA) --
9. L&#xE1;cteos y Forrajes S.P.R. --
10. FIRA --
11. Alianza Ganadera la Cienega --
12. CECOOPAL --
13. Queser&#xED;a Hern&#xE1;ndez --
14. Rancho del Sr. Rodr&#xED;guez --
15. Rancho encinos --
16. Prolea --
17. Establos Macias --
18. Escuela Nacional de Lecher&#xED;a Sustentable --
19. Productos de Leche Moy --
20. SADER Jalisco --
21. ASICA --
22. Talleres de l&#xE1;cteos del CBTa --
23. Paisaje biocultural --
24. Tequila Don Nacho --
25. Tequila el B&#xFA;ho --
26. Consejo Regulador de Tequila --
27. Productor de agave --
28. Castillo de Tequila --
29. Tequila Don Valente --
30. Tequila 3 Mujeres --
31. Tequila Cascahuin --
32. Rancho san Pedro --
33. Cava de Oro --
34. Agaveros de la regi&#xF3;n --
35. Diamante negro --
36. Raicilla Saucedo --
37. Consejo mexicano promotor de la raicilla --
38. Raicilla &#xB4;&#xB4;peque&#xF1;a raiz&#xB4;&#xB4; --
39. CBTa vivero --
40. Las ruinas Raicilla --
41. Taberna El Rey --
42. El Ciervo --
43. Raicilla Hermanos Arriz&#xF3;n --
44. Taberna Ixcat&#xE1;n/Taberna el viej&#xF3;n --
45. Taberna raicilla</subfield>
  </datafield>
  <datafield tag="650" ind1="1" ind2="3">
    <subfield code="9">148659</subfield>
    <subfield code="a">Industria de los alimentos  </subfield>
    <subfield code="z">M&#xE9;xico</subfield>
    <subfield code="z">Jalisco</subfield>
  </datafield>
  <datafield tag="650" ind1="1" ind2="7">
    <subfield code="9">57819</subfield>
    <subfield code="a">Industria lechera</subfield>
  </datafield>
  <datafield tag="650" ind1="1" ind2="7">
    <subfield code="9">92124</subfield>
    <subfield code="a">Productos l&#xE1;cteos</subfield>
  </datafield>
  <datafield tag="650" ind1="1" ind2="3">
    <subfield code="9">148013</subfield>
    <subfield code="a">Alcoholes et&#xED;licos  </subfield>
  </datafield>
  <datafield tag="650" ind1="1" ind2="3">
    <subfield code="9">146806</subfield>
    <subfield code="a">Bebidas alcoh&#xF3;licas</subfield>
  </datafield>
  <datafield tag="650" ind1="1" ind2="3">
    <subfield code="9">148657</subfield>
    <subfield code="a">Food industry  </subfield>
    <subfield code="z">Mexico</subfield>
    <subfield code="z">Jalisco</subfield>
  </datafield>
  <datafield tag="650" ind1="1" ind2="3">
    <subfield code="9">147068</subfield>
    <subfield code="a">Dairy industry</subfield>
  </datafield>
  <datafield tag="650" ind1="1" ind2="3">
    <subfield code="9">147027</subfield>
    <subfield code="a">Dairy products  </subfield>
  </datafield>
  <datafield tag="650" ind1="1" ind2="3">
    <subfield code="9">148015</subfield>
    <subfield code="a">Distilled spirits</subfield>
  </datafield>
  <datafield tag="650" ind1="1" ind2="3">
    <subfield code="9">160443</subfield>
    <subfield code="a">Alcoholic beverages</subfield>
  </datafield>
  <datafield tag="700" ind1="1" ind2=" ">
    <subfield code="9">151810</subfield>
    <subfield code="a">Sandoval Castilla, Ofelia</subfield>
    <subfield code="e">coordinadora</subfield>
  </datafield>
  <datafield tag="700" ind1="1" ind2=" ">
    <subfield code="9">189136</subfield>
    <subfield code="a">Alonso L&#xF3;pez, Jovana Erandy</subfield>
    <subfield code="e">colaboradora</subfield>
  </datafield>
  <datafield tag="856" ind1="4" ind2="0">
    <subfield code="u">http://10.13.5.2/ve/TC910_IAI/TC910_IAI_2023-REPORTE.pdf</subfield>
    <subfield code="y">DESCARGAR REPORTE</subfield>
  </datafield>
  <datafield tag="999" ind1=" " ind2=" ">
    <subfield code="c">219944</subfield>
    <subfield code="d">219944</subfield>
  </datafield>
  <datafield tag="952" ind1=" " ind2=" ">
    <subfield code="0">0</subfield>
    <subfield code="1">0</subfield>
    <subfield code="2">local</subfield>
    <subfield code="4">0</subfield>
    <subfield code="7">0</subfield>
    <subfield code="8">VEE</subfield>
    <subfield code="a">IA_</subfield>
    <subfield code="b">IA_</subfield>
    <subfield code="c">E_L</subfield>
    <subfield code="d">2024-05-28</subfield>
    <subfield code="e">El autor</subfield>
    <subfield code="l">0</subfield>
    <subfield code="o">T.C.910 S26 IAI 2023</subfield>
    <subfield code="p">1206015759</subfield>
    <subfield code="r">2024-05-28 00:00:00</subfield>
    <subfield code="w">2024-05-28</subfield>
    <subfield code="y">VEE</subfield>
  </datafield>
</record>
